[Event "Reykjavik Open 2016"]
[Site "Reykjavik ISL"]
[Date "2016.03.09"]
[Round "3.84"]
[White "Baldursson, Haraldur"]
[Black "Enersen, Eirik S."]
[Result "1-0"]
[WhiteElo "1947"]
[BlackElo "1689"]
[WhiteFideId "2301423"]
[BlackFideId "1520784"]
[EventDate "2016.03.08"]

1. d4 d5 2. Nf3 Nf6 3. c4 c6 4. Nc3 Bf5 5. Bf4 e6 6. e3 Bd6 7. Ne5 Bxe5 8. Bxe5
Nbd7 9. Bg3 Ne4 10. Nxe4 Bxe4 11. f3 Bg6 12. Kf2 Nb6 13. c5 Nc8 14. Rc1 Qd7 15.
Bd3 Ne7 16. h4 Bxd3 17. Qxd3 f6 18. Rb1 a6 19. b4 Kf7 20. a4 g6 21. Rb2 Rhe8 22.
Bf4 Ng8 23. h5 Kg7 24. hxg6 hxg6 25. Rh3 Ne7 26. b5 axb5 27. axb5 Rh8 28. bxc6
bxc6 29. Rxh8 Kxh8 30. Qb3 g5 31. Bb8 Kg7 32. Qb7 Qxb7 33. Rxb7 Kg6 34. Rxe7
Rxb8 35. Rxe6 Rc8 36. e4 dxe4 37. fxe4 Kf7 38. Rd6 Ke7 39. Kf3 Rd8 40. Rxd8 Kxd8
41. Kg4 Kd7 42. Kf5 Ke7 43. d5 1-0

[Event "Reykjavik Open 2016"]
[Site "Reykjavik ISL"]
[Date "2016.03.09"]
[Round "3.85"]
[White "Luu, Robert"]
[Black "Kleinert, Juergen"]
[Result "0-1"]
[WhiteElo "1599"]
[BlackElo "1906"]
[WhiteFideId "2311798"]
[BlackFideId "4659180"]
[EventDate "2016.03.08"]

1. d4 d5 2. Nf3 Nf6 3. e3 Bg4 4. Be2 e6 5. b3 Bd6 6. Bb2 O-O 7. Nbd2 Nbd7 8. O-O
Rc8 9. Ne5 Bxe2 10. Qxe2 c6 11. f4 Re8 12. Rf3 Ne4 13. Rh3 Nxd2 14. Qxd2 f5 15.
Qe2 Nf6 16. Rf1 Rc7 17. Kh1 Bxe5 18. dxe5 Ne4 19. Qh5 g6 20. Qe2 Rg7 21. Rff3 g5
22. Rf1 g4 23. Rh6 Rf7 24. g3 Kg7 25. Rh4 Qa5 26. a3 Qd2 27. Re1 c5 28. Bc1 Qa5
29. Kg2 Kg8 30. h3 gxh3+ 31. Rxh3 Rg7 32. Kf3 Ree7 33. Rg1 Rg4 34. Qe1 Qc7 35.
Rg2 Reg7 36. Bd2 Qc6 37. Ke2 d4 38. Rg1 Qa6+ 39. Kf3 Qxa3 40. exd4 cxd4 41. Bb4
Qa6 42. Qd1 Rd7 43. Qd3 Qc6 44. Ke2 Rc7 45. Rc1 Nc3+ 46. Bxc3 Qxc3 47. Rch1 Qc5
48. Rc1 Qd5 49. Qf3 Qb5+ 50. Kd1 Rc3 51. Qf2 Qd5 52. Kd2 Qe4 53. Qh2 Qe3+ 54.
Kd1 Rxg3 55. Rxg3+ Qxg3 56. Qh6 Rc6 57. Qf6 Qf3+ 58. Ke1 Qxf4 59. Qd8+ Kf7 60.
Qd7+ Kg6 61. Qe8+ Kg5 62. Qg8+ Kh4 63. Qxh7+ Kg3 64. Qg6+ Kf3 65. Qh5+ Ke4 0-1

[Event "Reykjavik Open 2016"]
[Site "Reykjavik ISL"]
[Date "2016.03.09"]
[Round "3.86"]
[White "Moller, Agnar T"]
[Black "Ragnarsson, Heimir Pall"]
[Result "1-0"]
[WhiteElo "1882"]
[BlackElo "1527"]
[WhiteFideId "2303469"]
[BlackFideId "2308860"]
[EventDate "2016.03.08"]

1. Nf3 c5 2. c4 g6 3. Nc3 Bg7 4. d4 cxd4 5. Nxd4 Nf6 6. e4 d6 7. Be2 O-O 8. O-O
Nc6 9. Be3 Qc7 10. Rc1 Ne5 11. Nd5 Nxd5 12. cxd5 Qa5 13. f4 Nd7 14. a3 Nc5 15.
b4 Qxa3 16. Nc2 Qc3 17. bxc5 dxc5 18. Bd2 Qb3 19. Ne3 Qxd1 20. Rfxd1 b6 21. Bc3
Bd7 22. Bxg7 Kxg7 23. Ba6 Rab8 24. Rd2 Bc8 25. Ra2 Bxa6 26. Rxa6 Rb7 27. Rca1
Ra8 28. Nc4 b5 29. Na5 Rc7 30. Nc6 c4 31. Kf2 Rb7 32. Rxa7 Raxa7 33. Rxa7 Rxa7
34. Nxa7 b4 35. Ke2 g5 36. g3 Kf6 37. Kd2 e5 38. f5 Ke7 39. Nc6+ Kd6 40. Nxb4
Kc5 41. Kc3 f6 42. Nc2 h5 43. Ne3 Kb5 44. Nxc4 Kc5 45. d6 Kc6 46. Kb4 h4 47.
gxh4 gxh4 48. h3 Kb7 49. Nxe5 Kb6 50. Ng4 Kc6 51. Nxf6 Kxd6 52. Ng4 Ke7 53. e5
Kf7 54. Kc5 Ke7 55. e6 Ke8 56. Kd6 Kf8 57. e7+ Kg7 58. e8=Q Kh7 59. Qg6+ Kh8 60.
Qh6+ Kg8 61. Nf6+ Kf7 62. Qg6+ 1-0

[Event "Reykjavik Open 2016"]
[Site "Reykjavik ISL"]
[Date "2016.03.09"]
[Round "3.87"]
[White "Halldorsson, Haukur"]
[Black "Koes, Richard"]
[Result "0-1"]
[WhiteElo "1570"]
[BlackElo "1840"]
[WhiteFideId "2305089"]
[BlackFideId "1020528"]
[EventDate "2016.03.08"]

1. d4 Nf6 2. c3 e5 3. dxe5 Ng4 4. Nf3 Bc5 5. e3 Nc6 6. h3 Ngxe5 7. Nd4 d5 8. Bd3
Nxd3+ 9. Qxd3 Ne5 10. Qe2 O-O 11. Nf3 f6 12. Nbd2 Bf5 13. Nxe5 fxe5 14. e4 Be6
15. O-O d4 16. cxd4 exd4 17. Qh5 Qe7 18. Qe5 Rad8 19. Qg3 Rf6 20. f4 Kh8 21. Qd3
Rdf8 22. Nf3 Bg8 23. e5 Rb6 24. Kh1 a5 25. Qc2 Be6 26. g4 Bd5 27. Kh2 h6 28. Kg3
g5 29. h4 gxf4+ 30. Bxf4 Rc6 31. Qd3 Rb6 32. b3 Bg8 33. Qd2 Qg7 34. Qxa5 Bb4 35.
Qa4 Bd5 36. a3 Bc3 37. Rab1 Bc6 38. Qa7 Qe7 39. Bxh6 Rg8 40. Ng5 Qxe5+ 0-1

[Event "Reykjavik Open 2016"]
[Site "Reykjavik ISL"]
[Date "2016.03.09"]
[Round "3.88"]
[White "Jonasson, Hordur"]
[Black "Baumgartner, Christopher"]
[Result "0-1"]
[WhiteElo "1536"]
[BlackElo "1821"]
[WhiteFideId "2311224"]
[BlackFideId "2022087"]
[EventDate "2016.03.08"]

1. e4 c5 2. Nf3 d6 3. Bb5+ Nd7 4. c3 a6 5. Bxd7+ Bxd7 6. O-O Bg4 7. h3 Bh5 8. d4
cxd4 9. cxd4 Nf6 10. Re1 e6 11. Bg5 Be7 12. Qb3 Bxf3 13. Qxf3 Qa5 14. Bd2 Qb6
15. Bc3 O-O 16. Nd2 Rac8 17. Rac1 d5 18. e5 Nd7 19. a3 f6 20. Qe3 fxe5 21. dxe5
Bc5 0-1

[Event "Reykjavik Open 2016"]
[Site "Reykjavik ISL"]
[Date "2016.03.09"]
[Round "3.89"]
[White "Andersen, Dag"]
[Black "Olafsson, Olafur Orn"]
[Result "1-0"]
[WhiteElo "1811"]
[BlackElo "1129"]
[WhiteFideId "1504568"]
[BlackFideId "2312042"]
[EventDate "2016.03.08"]

1. d4 Nf6 2. Nf3 g6 3. Bg5 Bg7 4. Nbd2 O-O 5. e3 d6 6. c3 Nbd7 7. Be2 c5 8. O-O
a6 9. a4 b6 10. h3 Bb7 11. Bf4 Re8 12. Bh2 Ne4 13. Nxe4 Bxe4 14. Nd2 Bb7 15. Bf3
Bxf3 16. Qxf3 e5 17. dxc5 bxc5 18. e4 Qf6 19. Qd3 Nb6 20. a5 Nc8 21. Nc4 Rd8 22.
f4 exf4 23. Rxf4 Qe6 24. Rd1 Be5 25. Nxe5 Qxe5 26. Rxf7 Qe6 27. Rdf1 Ne7 28.
R7f6 Qb3 29. Rxd6 Nc6 30. Qf3 Rxd6 31. Bxd6 Nxa5 32. Qf6 Qb7 33. Be5 1-0

[Event "Reykjavik Open 2016"]
[Site "Reykjavik ISL"]
[Date "2016.03.09"]
[Round "3.90"]
[White "Sigurvaldason, Hjalmar"]
[Black "Driscoll, Walter"]
[Result "1-0"]
[WhiteElo "1426"]
[BlackElo "1810"]
[WhiteFideId "2306018"]
[BlackFideId "2038501"]
[EventDate "2016.03.08"]

1. d4 Nf6 2. g3 d5 3. Nf3 e6 4. c4 Be7 5. Nc3 O-O 6. Ne5 Ne4 7. Nxe4 dxe4 8. Bg2
f6 9. Ng4 e5 10. Ne3 Bb4+ 11. Bd2 Bxd2+ 12. Qxd2 exd4 13. O-O-O Nc6 14. Nc2 d3
15. Ne1 Qd4 16. exd3 Bg4 17. f3 exf3 18. Bxf3 Ne5 19. Bxg4 Nxg4 20. Nc2 Qf2 21.
Rdf1 Qxd2+ 22. Kxd2 Rad8 23. d4 Ne5 24. b3 Nc6 25. Kc3 Rd7 26. d5 Ne5 27. h3 c6
28. Ne3 cxd5 29. cxd5 Rc8+ 30. Kb2 Nd3+ 31. Kb1 Re7 32. Rf3 Rce8 33. Nf5 Re1+
34. Rxe1 Rxe1+ 35. Kc2 Nb4+ 36. Kd2 Ra1 37. a4 Ra2+ 38. Kc3 Nxd5+ 39. Kd4 Rd2+
40. Kc5 g6 41. Nd6 b6+ 42. Kc6 Nb4+ 43. Kd7 f5 44. g4 Nd3 45. Kc7 f4 46. Nb5 Nc5
47. Nxa7 Rd3 48. Rxd3 Nxd3 49. Nc6 f3 50. Ne7+ Kf7 51. Nd5 Ke6 52. Ne3 Nc5 53.
Kxb6 Nxb3 54. a5 Nxa5 55. Kxa5 Ke5 56. Kb4 Kd4 57. Nf1 Kd3 58. h4 Ke2 59. Ng3+
Ke1 60. Kc4 f2 61. Kd4 f1=Q 62. Nxf1 Kxf1 63. Ke5 Kg2 64. Kf4 h6 65. g5 h5 66.
Ke5 Kg3 67. Kf6 Kxh4 68. Kxg6 Kg4 69. Kf6 h4 70. g6 h3 71. g7 Kf3 72. g8=Q h2
73. Qa8+ Kf2 74. Qh1 Kg3 75. Kg5 Kh3 76. Qf3# 1-0

[Event "Reykjavik Open 2016"]
[Site "Reykjavik ISL"]
[Date "2016.03.09"]
[Round "3.91"]
[White "Einarsson, Oskar Long"]
[Black "Kristinsson, Jon"]
[Result "1/2-1/2"]
[WhiteElo "1691"]
[BlackElo "2211"]
[WhiteFideId "2309220"]
[BlackFideId "2300141"]
[EventDate "2016.03.08"]

1. e4 e5 2. Nf3 Nc6 3. Bb5 a6 4. Ba4 Nf6 5. d3 d6 6. c4 Bd7 7. O-O Be7 8. Re1
O-O 9. h3 h6 10. Nbd2 Nh7 11. Nf1 Bg5 12. Nxg5 Nxg5 13. Qh5 Ne6 14. Ng3 Qf6 15.
Qf5 Qe7 16. Qf3 Ng5 17. Qh5 Qf6 18. Bxg5 Qxg5 19. Qxg5 hxg5 20. Rad1 g6 21. d4
b5 22. Bb3 Rad8 23. f3 Kg7 24. Kf2 Rfe8 25. Nf1 Na5 26. Ne3 Bc8 27. Bc2 Be6 28.
b3 c5 29. d5 Bd7 30. Rd2 Rc8 31. Rc1 1/2-1/2

[Event "Reykjavik Open 2016"]
[Site "Reykjavik ISL"]
[Date "2016.03.09"]
[Round "3.92"]
[White "Freuler, Roman"]
[Black "Edel, Fenja"]
[Result "1-0"]
[WhiteElo "2047"]
[BlackElo "1721"]
[WhiteFideId "1304283"]
[BlackFideId "24696749"]
[EventDate "2016.03.08"]

1. e4 e6 2. d4 d5 3. e5 c5 4. c3 Nc6 5. Nf3 Bd7 6. a3 a5 7. Bd3 Qb6 8. Qc2 Nh6
9. O-O cxd4 10. cxd4 Nf5 11. Bxf5 exf5 12. Nc3 Be6 13. Qd3 Be7 14. Bd2 O-O 15.
h4 Rac8 16. Na4 Qd8 17. g3 Na7 18. Rac1 Rxc1 19. Rxc1 b5 20. Nc5 Qb6 21. b4 a4
22. Bg5 Bxg5 23. Nxg5 Rc8 24. Kg2 h6 25. Nh3 Nc6 26. Nf4 Ne7 27. Ne2 Ng6 28. h5
Ne7 29. Rc3 Rc6 30. Nxe6 fxe6 31. Rc5 Rxc5 32. dxc5 Qb8 33. Nd4 Qxe5 34. Qe3 Qf6
35. Qxe6+ Qxe6 36. Nxe6 Nc6 37. Nc7 d4 38. Nxb5 Kf7 39. Kf3 Ke6 40. Nc7+ Kd7 41.
Nd5 Ne5+ 42. Ke2 Kc6 43. Nb6 Kb5 44. Kd2 Nc6 45. Kd3 Nxb4+ 46. axb4 a3 47. Nc4
a2 48. Na3+ Kxb4 49. Nc2+ Kxc5 50. Na1 Kd5 51. f4 Kc5 52. Nc2 Kd6 53. Kxd4 Ke6
54. Kc3 Kd5 55. Kd3 Kc5 56. Na1 Kd5 57. Nb3 Kd6 58. Kd4 Ke6 59. Kc5 Kf7 60. Kd5
Kf6 61. Kd6 Kf7 62. Ke5 g6 63. Na1 gxh5 64. Kxf5 Kg7 65. Ke6 Kf8 66. Kf6 1-0

[Event "Reykjavik Open 2016"]
[Site "Reykjavik ISL"]
[Date "2016.03.09"]
[Round "3.93"]
[White "O'Gorman, Alice"]
[Black "Kuehn, Matthias"]
[Result "1-0"]
[WhiteElo "1620"]
[BlackElo "1957"]
[WhiteFideId "2508214"]
[BlackFideId "24681288"]
[EventDate "2016.03.08"]

1. e4 g6 2. d4 Bg7 3. Nc3 d6 4. Nf3 Nc6 5. Be3 h6 6. h3 Bd7 7. Be2 e5 8. dxe5
dxe5 9. Qd2 f5 10. g3 Nf6 11. exf5 gxf5 12. O-O-O Qe7 13. Nb5 Be6 14. Nc3 Rd8
15. Qe1 O-O 16. Nh4 Kh7 17. f4 Nd5 18. Nxd5 Bxd5 19. Rg1 Bxa2 20. Qf2 Nd4 21.
Bxd4 exd4 22. Nxf5 Qc5 23. Nxg7 Kxg7 24. Bd3 Rf6 25. Rge1 Rb6 26. Qe2 Be6 27. f5
Qb4 28. Qe5+ Kg8 29. fxe6 Qxb2+ 30. Kd2 Qc3+ 31. Ke2 Re8 32. e7 Qb4 33. Kf1 Rc6
34. Re4 Qd6 35. Rg4+ Kf7 36. Rg7# 1-0

[Event "Reykjavik Open 2016"]
[Site "Reykjavik ISL"]
[Date "2016.03.09"]
[Round "3.94"]
[White "Hjaltalin, Thor"]
[Black "Baldvinsson, Loftur"]
[Result "1-0"]
[WhiteElo "1580"]
[BlackElo "1939"]
[WhiteFideId "2310813"]
[BlackFideId "2301261"]
[EventDate "2016.03.08"]

1. d4 Nf6 2. Nf3 c5 3. e3 e6 4. Bd3 Nc6 5. O-O d5 6. b3 cxd4 7. exd4 Bd6 8. Bb2
Bd7 9. a3 Qc7 10. h3 h6 11. Re1 O-O-O 12. Ne5 Be8 13. Nd2 Nd7 14. Ndf3 g5 15.
Rc1 g4 16. hxg4 h5 17. g5 h4 18. c4 h3 19. cxd5 exd5 20. b4 f6 21. gxf6 Nxf6 22.
b5 hxg2 23. bxc6 Bxc6 24. Kxg2 Rdg8+ 25. Kf1 Kb8 26. Qb3 Ka8 27. Qc2 Bxe5 28.
Nxe5 Ne4 29. Bxe4 Rh1+ 30. Bxh1 Bb5+ 31. Re2 Qd8 32. Ke1 a6 33. Bf3 Qa5+ 34. Qc3
Qd8 35. a4 Bxa4 36. Qb4 Rg1+ 37. Kd2 Qg5+ 38. Re3 Bb5 39. Rc8+ Ka7 1-0

[Event "Reykjavik Open 2016"]
[Site "Reykjavik ISL"]
[Date "2016.03.09"]
[Round "3.95"]
[White "Jonsson, Olafur Gisli"]
[Black "Steingrimsson, Karl Egill"]
[Result "1-0"]
[WhiteElo "1904"]
[BlackElo "1693"]
[WhiteFideId "2302705"]
[BlackFideId "2304791"]
[EventDate "2016.03.08"]

1. d4 d5 2. Nf3 Nf6 3. c4 c6 4. Nc3 Bf5 5. Qb3 Qb6 6. c5 Qxb3 7. axb3 Nbd7 8. b4
e6 9. h3 Be7 10. Bf4 O-O 11. b5 Ne4 12. bxc6 bxc6 13. e3 h6 14. Ba6 g5 15. Bh2
Nexc5 16. dxc5 Nxc5 17. Nd4 Nxa6 18. Nxf5 exf5 19. Rxa6 Rfc8 20. O-O Kg7 21.
Rfa1 f4 22. exf4 d4 23. Na4 Re8 24. fxg5 d3 25. gxh6+ Kh7 26. Bf4 Bb4 27. Nc3
Re7 28. Rxc6 Rae8 29. Be3 Bxc3 30. Rxc3 Rb8 31. Rxd3 Rxb2 32. Rxa7 1-0

[Event "Reykjavik Open 2016"]
[Site "Reykjavik ISL"]
[Date "2016.03.09"]
[Round "3.96"]
[White "Sigurdsson, Birkir Karl"]
[Black "Finnsson, Johann Arnar"]
[Result "1-0"]
[WhiteElo "1857"]
[BlackElo "1664"]
[WhiteFideId "2304180"]
[BlackFideId "2308240"]
[EventDate "2016.03.08"]

1. Nf3 g6 2. c4 Bg7 3. g3 Nf6 4. Bg2 d6 5. d4 O-O 6. O-O Nc6 7. d5 Nb8 8. Nc3 e6
9. e4 exd5 10. cxd5 Re8 11. Re1 Nbd7 12. Qc2 Ng4 13. Bg5 f6 14. Bf4 Nge5 15. Nd4
Nb6 16. Ncb5 c6 17. dxc6 bxc6 18. Qb3+ Kh8 19. Bxe5 cxb5 20. Bf4 a6 21. Rad1 Nc4
22. a4 Rb8 23. axb5 axb5 24. Nc6 Na5 25. Nxa5 Qxa5 26. Bxd6 Be6 27. Qe3 Rbd8 28.
Ra1 Qxa1 29. Rxa1 Rxd6 30. h4 Red8 31. Qc5 Bc4 32. b3 Bxb3 33. Qxb5 Bf7 34. Ra7
Be8 35. Qa5 Bc6 36. Rc7 Bf8 37. Rxc6 1-0

[Event "Reykjavik Open 2016"]
[Site "Reykjavik ISL"]
[Date "2016.03.09"]
[Round "3.97"]
[White "Meier, Gerd"]
[Black "Lemery, Jon Thor"]
[Result "1/2-1/2"]
[WhiteElo "1851"]
[BlackElo "1495"]
[WhiteFideId "4682971"]
[BlackFideId "2313499"]
[EventDate "2016.03.08"]

1. e4 d5 2. exd5 Nf6 3. d4 Nxd5 4. c4 Nb6 5. Nf3 Bg4 6. Be3 Nc6 7. c5 Nd5 8. h3
Nxe3 9. fxe3 Bh5 10. g4 Bg6 11. Bd3 Bxd3 12. Qxd3 e5 13. Qe4 f6 14. Nc3 Be7 15.
O-O-O O-O 16. dxe5 Qc8 17. exf6 Bxf6 18. Nd5 Qe8 19. Qc4 Kh8 20. Rhf1 b6 21.
Rde1 Qe6 22. Nxb6 Qxc4+ 23. Nxc4 Nb4 24. Nfe5 Rfe8 25. a3 Na2+ 26. Kb1 Bxe5 27.
Kxa2 Bf6 28. Rf5 h6 29. e4 Rad8 30. Re2 Rd4 31. Nd2 Bg5 32. Nf3 Rdxe4 33. Rxe4
Rxe4 34. Nxg5 hxg5 35. Rxg5 Kh7 36. Rd5 Re7 37. Rh5+ Kg6 38. Rd5 Kf6 39. Rf5+
Ke6 40. Rf3 Kd5 41. Rc3 a5 42. Kb3 c6 43. h4 Re5 44. Rg3 Kxc5 45. h5 Kb5 46. g5
Rf5 47. h6 gxh6 48. a4+ Kc5 49. gxh6 Rh5 50. Rg6 Rh3+ 51. Ka2 Rh4 52. Ka3 Rh3+
53. b3 Rh4 54. Kb2 Rh3 55. Kc2 Rh2+ 56. Kd3 Kb4 57. Rxc6 Kxb3 58. Ke4 Kxa4 59.
Rb6 Ka3 60. Kf4 a4 61. Kg4 Ka2 62. Kg5 a3 63. Rb4 Ka1 64. Rh4 Rxh4 65. Kxh4 a2
66. h7 Kb1 67. h8=Q a1=Q 68. Qxa1+ 1/2-1/2

[Event "Reykjavik Open 2016"]
[Site "Reykjavik ISL"]
[Date "2016.03.09"]
[Round "3.98"]
[White "Kristjansson, Hjortur"]
[Black "Erikstad, Olav"]
[Result "1/2-1/2"]
[WhiteElo "1488"]
[BlackElo "1838"]
[WhiteFideId "2315076"]
[BlackFideId "1504983"]
[EventDate "2016.03.08"]

1. d4 Nf6 2. c4 c6 3. Nf3 d5 4. Nc3 e6 5. Bg5 dxc4 6. e4 b5 7. e5 h6 8. Bh4 g5
9. Nxg5 hxg5 10. Bxg5 Be7 11. exf6 Bxf6 12. Bxf6 Qxf6 13. g3 Bb7 14. Bg2 Na6 15.
Nxb5 cxb5 16. Bxb7 Nb4 17. O-O Rd8 18. a4 Rxd4 19. Qe2 Qh6 20. h4 Rd2 21. Qe5
O-O 22. axb5 Nd3 23. Qc3 Rxb2 24. Qxc4 Ne5 25. Qc5 Nd3 26. Qxa7 Qg7 27. Qe3 Nxf2
28. Ra4 Rxb5 29. Rxf2 Rxb7 30. Qf3 Rb1+ 31. Kg2 1/2-1/2

[Event "Reykjavik Open 2016"]
[Site "Reykjavik ISL"]
[Date "2016.03.09"]
[Round "3.99"]
[White "Jonsson, Pall G"]
[Black "Davidsson, Joshua"]
[Result "1-0"]
[WhiteElo "1828"]
[BlackElo "1411"]
[WhiteFideId "2303205"]
[BlackFideId "2311631"]
[EventDate "2016.03.08"]

1. b4 e5 2. Bb2 Bxb4 3. Bxe5 Nc6 4. Bxg7 d6 5. Bxh8 Bf5 6. Bb2 Bc5 7. e3 Nb4 8.
Na3 a6 9. Nf3 Qe7 10. Be2 O-O-O 11. O-O Nf6 12. d4 Bb6 13. c3 Nc6 14. Nc4 Ba7
15. Ba3 Qf8 16. Nce5 Nxe5 17. dxe5 Ng4 18. exd6 cxd6 19. Nd4 Bxd4 20. Bxg4 Bc5
21. Bxf5+ Kb8 22. Bxc5 dxc5 23. Qf3 Qg7 24. Rab1 f6 25. Rb6 Re8 26. Rfb1 Re7 27.
Be4 Kc8 28. Bxb7+ Kd8 29. Bc6 Rc7 30. Rb8+ Ke7 31. Qe4+ Kf7 32. Qe8# 1-0

[Event "Reykjavik Open 2016"]
[Site "Reykjavik ISL"]
[Date "2016.03.09"]
[Round "3.100"]
[White "Kristjansson, Halldor Atli"]
[Black "Kruger, Jan"]
[Result "1/2-1/2"]
[WhiteElo "1346"]
[BlackElo "1810"]
[WhiteFideId "2310988"]
[BlackFideId "1709119"]
[EventDate "2016.03.08"]

1. d4 f5 2. c4 Nf6 3. Nc3 e6 4. Nf3 Be7 5. e3 d6 6. Bd3 O-O 7. O-O Nc6 8. h3 Qe8
9. a3 e5 10. dxe5 dxe5 11. e4 f4 12. b4 Bd8 13. Bb2 Nb8 14. Nd5 Nbd7 15. Nxf6+
Bxf6 16. Rc1 c5 17. Qb3 b6 18. Rfd1 g5 19. Bc2 Kh8 20. Qd3 Rf7 21. Qd5 Rb8 22.
Qd6 Bb7 23. Qd3 Rd8 24. Qe2 Qe6 25. Rd2 Rg8 26. Rcd1 Nf8 27. Rd6 Qe8 28. Rxf6
Rxf6 29. Bxe5 Qe7 30. Bxf6+ Qxf6 31. e5 Qf7 32. Be4 Bc8 33. Bd5 Be6 34. Qd3 g4
35. Bxe6 Nxe6 36. hxg4 Rxg4 37. Qd7 Qg6 38. Qc8+ Qg8 39. Qxg8+ Rxg8 40. Rd7 Rg7
41. Rxg7 Kxg7 42. Kf1 Kg6 43. Ke2 Kf5 44. Kd3 h5 45. Kc3 Ke4 46. Kd2 h4 47. Nxh4
Kxe5 48. Nf3+ Ke4 49. Kc3 Nd8 50. Ng5+ Kf5 51. Nf3 Ke4 52. Ng5+ 1/2-1/2

[Event "Reykjavik Open 2016"]
[Site "Reykjavik ISL"]
[Date "2016.03.09"]
[Round "3.101"]
[White "De Winter, Eric"]
[Black "Thorsteinsdottir, Svava"]
[Result "1-0"]
[WhiteElo "1808"]
[BlackElo "1332"]
[WhiteFideId "1033069"]
[BlackFideId "2310686"]
[EventDate "2016.03.08"]

1. Nf3 Nc6 2. d4 d5 3. Bf4 Nf6 4. e3 a6 5. c4 b6 6. Nc3 Bg4 7. h3 Bh5 8. Rc1 e6
9. Qa4 Qd7 10. cxd5 Nxd5 11. Nxd5 Qxd5 12. Qxc6+ Qxc6 13. Rxc6 Bb4+ 14. Nd2 O-O
15. a3 Be7 16. Be2 Bg6 17. O-O Rfd8 18. Rfc1 Bd6 19. Bxd6 cxd6 20. Rxb6 a5 21.
e4 h6 22. f3 Rab8 23. Rxb8 Rxb8 24. b3 f6 25. Kf2 Bf7 26. a4 Rb4 27. Rc4 Rb6 28.
Rc8+ Kh7 29. Bb5 Rb7 30. Nc4 d5 31. Nd6 Ra7 32. Nxf7 Rxf7 33. exd5 exd5 34. Rd8 1-0

[Event "Reykjavik Open 2016"]
[Site "Reykjavik ISL"]
[Date "2016.03.09"]
[Round "3.102"]
[White "Petersons, Ojars"]
[Black "Gislason, Jason Andri"]
[Result "1-0"]
[WhiteElo "1791"]
[BlackElo "1319"]
[WhiteFideId "11607769"]
[BlackFideId "2311283"]
[EventDate "2016.03.08"]

1. d4 Nf6 2. Nf3 g6 3. g3 Bg7 4. Bg2 d6 5. O-O O-O 6. b3 Nbd7 7. Bb2 a5 8. a4 c5
9. Nbd2 Re8 10. Re1 cxd4 11. Nxd4 Rb8 12. Nb5 Nc5 13. Nc4 d5 14. Ne3 e6 15. Be5
Nfd7 16. Bxb8 Bxa1 17. Bc7 1-0

[Event "Reykjavik Open 2016"]
[Site "Reykjavik ISL"]
[Date "2016.03.09"]
[Round "3.103"]
[White "Opasiak, Dustin Tennessee"]
[Black "Johannsson, Birkir Isak"]
[Result "1/2-1/2"]
[WhiteElo "1782"]
[BlackElo "1303"]
[WhiteFideId "24630217"]
[BlackFideId "2314673"]
[EventDate "2016.03.08"]

1. e4 c5 2. Ne2 d6 3. Nbc3 Nf6 4. g3 Nc6 5. Bg2 g6 6. O-O Bg7 7. d3 e5 8. Bg5 h6
9. Bd2 O-O 10. Qc1 Kh7 11. f4 Bd7 12. h3 a6 13. a3 b5 14. f5 Rb8 15. g4 g5 16.
Nd5 Ne7 17. Nxf6+ Bxf6 18. h4 Nc6 19. hxg5 Bxg5 20. Kf2 Bxd2 21. Qxd2 Qg5 22.
Qe3 Nd4 23. Nxd4 cxd4 24. Qxg5 hxg5 25. Rh1+ Kg7 26. Rh5 f6 27. Rah1 Rh8 28.
Rxh8 Rxh8 29. Rxh8 Kxh8 30. c3 dxc3 31. bxc3 Kg7 32. Ke3 Kf7 33. Bf3 Ke7 34. Bd1
Kd8 35. Bb3 Kc7 36. Kd2 Kb6 37. Kc2 Bc6 1/2-1/2

[Event "Reykjavik Open 2016"]
[Site "Reykjavik ISL"]
[Date "2016.03.09"]
[Round "3.104"]
[White "Magnusson, Thorsteinn"]
[Black "Davidsdottir, Nansy"]
[Result "0-1"]
[WhiteElo "1314"]
[BlackElo "1778"]
[WhiteFideId "2310287"]
[BlackFideId "2309491"]
[EventDate "2016.03.08"]

1. d4 d5 2. Bf4 c6 3. Nf3 Nf6 4. h3 e6 5. Nbd2 Qb6 6. Nb3 Nbd7 7. e3 Be7 8. Bd3
c5 9. c4 dxc4 10. dxc5 Qb4+ 11. Nfd2 cxd3 12. O-O e5 13. Bh2 O-O 14. Nf3 e4 15.
a3 Qa4 0-1

[Event "Reykjavik Open 2016"]
[Site "Reykjavik ISL"]
[Date "2016.03.09"]
[Round "3.105"]
[White "Birkisdottir, Freyja"]
[Black "Danielsson, Sigurdur"]
[Result "0-1"]
[WhiteElo "1246"]
[BlackElo "1763"]
[WhiteFideId "2311860"]
[BlackFideId "2301792"]
[EventDate "2016.03.08"]

1. c4 d6 2. g3 e5 3. Nc3 c6 4. Bg2 f5 5. d3 Nf6 6. e3 Be7 7. Nge2 Be6 8. O-O
Nbd7 9. f4 Qb6 10. d4 Bxc4 11. Bd2 O-O 12. b3 Bxe2 13. Qxe2 exd4 14. Na4 Qb5 15.
Rfe1 d3 16. Qf2 d5 17. Nc3 Qa6 18. a4 Nc5 19. Reb1 Nce4 20. Bxe4 dxe4 21. b4 Qc4
22. b5 Bc5 23. Nd1 Ng4 24. Qg2 Qd5 25. Nc3 Qd6 26. Nd1 cxb5 27. Rxb5 b6 28. Rc1
Rac8 29. h3 Nf6 30. a5 Nd5 31. axb6 axb6 32. Kh1 Rf6 33. Nb2 Qd7 34. Rb3 Nxe3
35. Bxe3 Bxe3 36. Rxc8+ Qxc8 37. Ra3 Rc6 38. Ra1 Rc2 39. Qf1 Rxb2 40. Qd1 Qc2
41. Qxc2 dxc2 42. g4 Rb1+ 43. Rxb1 cxb1=Q+ 44. Kg2 Qg1# 0-1

[Event "Reykjavik Open 2016"]
[Site "Reykjavik ISL"]
[Date "2016.03.09"]
[Round "3.106"]
[White "Kristofersson, Sindri Snaer"]
[Black "Magnusdottir, Veronika Steinunn"]
[Result "0-1"]
[WhiteElo "1212"]
[BlackElo "1741"]
[WhiteFideId "2310732"]
[BlackFideId "2309114"]
[EventDate "2016.03.08"]

1. e4 c5 2. Nf3 e6 3. d4 cxd4 4. Nxd4 a6 5. Nc3 b5 6. g3 Bb7 7. Bg2 Nf6 8. Bg5
h6 9. Bxf6 Qxf6 10. O-O Nc6 11. Nxc6 Bxc6 12. Qd3 b4 13. e5 Qxe5 14. Bxc6 dxc6
15. Rad1 Qc7 16. Ne4 Be7 17. Qc4 O-O 18. Nc5 Rfd8 19. Qxb4 Qa7 20. Rd3 Rxd3 21.
cxd3 Bxc5 22. Qc4 Rd8 23. b4 Bb6 24. Qxc6 Qc7 25. Qa4 Qd6 26. Qxa6 Bxf2+ 27.
Rxf2 Qxa6 28. Kg2 Rxd3 29. Rb2 Qc6+ 30. Kf2 Qf3+ 31. Ke1 Rd1# 0-1

[Event "Reykjavik Open 2016"]
[Site "Reykjavik ISL"]
[Date "2016.03.09"]
[Round "3.107"]
[White "Gardarsson, Hordur"]
[Black "Davidsson, Stefan Orri"]
[Result "1-0"]
[WhiteElo "1731"]
[BlackElo "1244"]
[WhiteFideId "2303604"]
[BlackFideId "2311399"]
[EventDate "2016.03.08"]

1. d4 Nf6 2. Nf3 e6 3. c4 Bb4+ 4. Bd2 Bxd2+ 5. Qxd2 O-O 6. Nc3 b6 7. e4 d6 8.
Bd3 Bb7 9. O-O Nbd7 10. Rad1 Qe7 11. e5 Ne8 12. Rfe1 Bxf3 13. gxf3 dxe5 14. dxe5
c6 15. Bb1 Rd8 16. f4 Nc7 17. Qc2 g6 18. Ne4 Qh4 19. Rxd7 Qg4+ 20. Kf1 Qh3+ 21.
Ke2 Rxd7 22. Nf6+ Kg7 23. Nxd7 Rd8 24. Nf6 Qxh2 25. Qe4 c5 26. Rh1 Rd2+ 27. Kxd2
Qxf2+ 28. Kc3 h5 29. Bd3 1-0